000 00669nam a2200229 a 4500
001 000040076
003 OSt
005 20201002033913.0
008 130805s1966 ag 000 0 spa d
040 _aDO-SdBNP
_bspa
_cBNPHU
082 _bC
100 1 _aCalderón de la Barca, Pedro
_952093
245 1 3 _aEl alcalde de Zalamea /
_cPedro Calderón de la Barca.
250 _a3a ed.
260 _aBuenos Aires, Argentina :
_bKapelusz,
_c1966.
300 _a120 p. ;
_c18 cm.
500 _aIncluye notas al pie de las páginas
504 _aBibliografía : p. 119-120
590 _aInventariado, 2020 / DG
910 _aInventariado, 2020 / DG
942 _2ddc
_cLF1
999 _c39566
_d39566